[Event "Titled Tue 20th May Early"]
[Site "chess.com INT"]
[Date "2025.05.20"]
[Round "10"]
[White "Khandhadia, Nivaan Rathin"]
[Black "Onur, Cigdem"]
[Result "1-0"]
[BlackTitle "WCM"]
[WhiteElo "2112"]
[BlackElo "1966"]
[WhiteFideId "25753274"]
[BlackFideId "6346030"]
[EventDate "2025.05.20"]

1. d4 d5 2. c4 c6 3. Nc3 dxc4 4. e3 b5 5. a4 b4 6. Na2 b3 7. Nc3 Ba6 8. Nf3 Nd7
9. Nd2 e5 10. Nxc4 exd4 11. exd4 Ngf6 12. Qe2+ Qe7 13. Nd6+ Kd8 14. Qxe7+ Kxe7
15. Nf5+ Ke6 16. Nxg7+ Bxg7 17. Bxa6 c5 18. Bc4+ Kd6 19. Bf4+ Kc6 20. d5+ Kb7
21. Bxb3 Rhe8+ 22. Kd2 Nh5 23. Be3 Rac8 24. Nb5 c4 25. Nd6+ Kb8 26. Nxc8 Rxc8
27. Bc2 1-0

[Event "Titled Tue 20th May Early"]
[Site "chess.com INT"]
[Date "2025.05.20"]
[Round "10"]
[White "Genkeswaran, Genivan"]
[Black "Tursunalieva, Nurelina"]
[Result "0-1"]
[WhiteTitle "CM"]
[BlackTitle "WCM"]
[WhiteElo "2197"]
[BlackElo "1810"]
[WhiteFideId "5754496"]
[BlackFideId "13817329"]
[EventDate "2025.05.20"]

1. e4 c5 2. Nc3 d6 3. Bb5+ Bd7 4. Bxd7+ Nxd7 5. f4 Ngf6 6. Nf3 e6 7. d3 Be7 8.
O-O a6 9. Qe1 O-O 10. Qg3 Re8 11. Qh3 Nf8 12. f5 exf5 13. Qxf5 Ng6 14. Qh3 Qd7
15. Qg3 b5 16. Ng5 h6 17. Nh3 Nh5 18. Qf3 Nf6 19. Nf4 Ne5 20. Qg3 Kh8 21. Ncd5
Rab8 22. Nxf6 Bxf6 23. Nd5 Bd8 24. Bf4 Ng6 25. Bxd6 Bh4 26. Bxb8 Bxg3 27. Bxg3
c4 28. Rf3 Qa7+ 29. Bf2 Qd7 30. Rd1 Ne5 31. Re3 Ng4 32. Rg3 f5 33. dxc4 Rxe4 34.
h3 Nxf2 35. Kxf2 Qa7+ 36. Ne3 f4 37. Rf3 Rxe3 38. Rxf4 Re4+ 39. Kf3 Qe3+ 40. Kg4
Rxf4+ 41. Kh5 Qe5+ 42. Kg6 Rf6# 0-1

[Event "Titled Tue 20th May Early"]
[Site "chess.com INT"]
[Date "2025.05.20"]
[Round "10"]
[White "Omariev, Maksim"]
[Black "Iskusnyh, Sergei"]
[Result "0-1"]
[WhiteTitle "FM"]
[BlackTitle "GM"]
[WhiteElo "2304"]
[BlackElo "2440"]
[WhiteFideId "4193423"]
[BlackFideId "4120027"]
[EventDate "2025.05.20"]

1. b3 d5 2. Bb2 Bf5 3. f4 e6 4. Nf3 Nf6 5. e3 Be7 6. Nc3 O-O 7. Ne2 c5 8. Ng3
Bg6 9. Ne5 Nc6 10. Nxc6 bxc6 11. Bd3 a5 12. a4 Rb8 13. Bc3 d4 14. Bxg6 hxg6 15.
Bb2 Nd5 16. Qe2 Nb4 17. d3 Nd5 18. Bc1 dxe3 19. Bxe3 Bf6 20. Rc1 Bc3+ 21. Kf2
Nxe3 22. Kxe3 e5 23. fxe5 Re8 24. Qg4 Rxe5+ 25. Kf2 Rb4 26. Qf3 Qh4 0-1

[Event "Titled Tue 20th May Early"]
[Site "chess.com INT"]
[Date "2025.05.20"]
[Round "10"]
[White "Nitish, Belurkar"]
[Black "Pakleza, Zbigniew"]
[Result "0-1"]
[WhiteTitle "IM"]
[BlackTitle "GM"]
[WhiteElo "2454"]
[BlackElo "2484"]
[WhiteFideId "5084768"]
[BlackFideId "1119290"]
[EventDate "2025.05.20"]

1. e4 d6 2. d4 Nf6 3. Nc3 c6 4. f4 Qb6 5. Nf3 Bg4 6. Be2 Bxf3 7. Bxf3 e5 8. fxe5
dxe5 9. Be3 Qxb2 10. Ne2 Qa3 11. c3 Nbd7 12. Rb1 b6 13. O-O Be7 14. Qe1 O-O 15.
Qg3 Qa5 16. Bh6 Ne8 17. Bg4 Ndf6 18. Rf5 Nxe4 19. Qd3 N8f6 20. Rxe5 Qxa2 21.
Rxe7 Nxg4 22. Rxe4 Nxh6 23. Rf1 Rae8 24. Ng3 Rxe4 25. Nxe4 Qe6 26. Ng5 Qg6 27.
Qc4 Qxg5 28. Qxc6 Nf5 29. Qd5 g6 30. Re1 Qd2 0-1

[Event "Titled Tue 20th May Early"]
[Site "chess.com INT"]
[Date "2025.05.20"]
[Round "10"]
[White "Barrientos, Ernesto"]
[Black "Jaskolka, Tomasz"]
[Result "1-0"]
[WhiteTitle "CM"]
[BlackTitle "CM"]
[WhiteElo "2027"]
[BlackElo "2200"]
[WhiteFideId "3701247"]
[BlackFideId "1170791"]
[EventDate "2025.05.20"]

1. e4 d6 2. d4 Nf6 3. Nc3 Nbd7 4. Nf3 e5 5. d5 c6 6. dxc6 bxc6 7. Bc4 Be7 8. g4
Nb6 9. Bb3 Bxg4 10. Rg1 Qd7 11. h3 Bxh3 12. Rxg7 d5 13. Nxe5 Qe6 14. Nxf7 Nxe4
15. Nxe4 Qxe4+ 16. Be3 Rf8 17. Qh5 Qh4 18. Nd6+ Kd8 19. Nb7+ Kc8 20. Qxh4 Bxh4
21. Nd6+ Kd8 22. Rxh7 Be7 23. Nb7+ Kc8 24. Rxe7 Nd7 25. Nc5 Nxc5 26. Bxc5 Bg4
27. Kd2 Rb8 28. Rg1 Bd7 29. Rgg7 Rb7 30. Ba4 Rf4 31. b3 Rc7 32. Bd6 Rxf2+ 33.
Ke3 Rf1 34. Bxc7 Kxc7 35. Rxd7+ Kb6 36. Kd4 c5+ 37. Kxd5 Rd1+ 38. Kc4 Rf1 39.
Rd6+ Ka5 40. Rxa7# 1-0

[Event "Titled Tue 20th May Early"]
[Site "chess.com INT"]
[Date "2025.05.20"]
[Round "10"]
[White "Katishonok, Nikolaj"]
[Black "Tiitta, Sauli"]
[Result "1-0"]
[WhiteTitle "FM"]
[WhiteElo "2004"]
[BlackElo "2157"]
[WhiteFideId "11600225"]
[BlackFideId "502251"]
[EventDate "2025.05.20"]

1. Nf3 b6 2. e4 Bb7 3. Nc3 e6 4. d4 Bb4 5. Bd3 Nf6 6. Qe2 d5 7. e5 Ne4 8. Bd2
Nxd2 9. Qxd2 h6 10. a3 Bxc3 11. bxc3 O-O 12. O-O c5 13. a4 Nc6 14. Rfb1 Qc7 15.
h4 cxd4 16. cxd4 Na5 17. Qf4 f5 18. h5 Qf7 19. Qh4 Rac8 20. Rb5 Ba6 21. Rxa5
Bxd3 22. Rxa7 Qxa7 23. cxd3 Rc3 24. Qg3 Rxd3 25. Qg6 Qf7 26. Rb1 Qxg6 27. hxg6
Rb8 28. Rb4 Ra3 29. Nd2 Rd3 30. Nb3 Kf8 31. Nc5 Ke7 32. Nxd3 Kd7 33. g3 Kc6 34.
Nf4 Kd7 35. Nh5 Rg8 36. Rxb6 1-0

[Event "Titled Tue 20th May Early"]
[Site "chess.com INT"]
[Date "2025.05.20"]
[Round "10"]
[White "Tahbaz, Arash"]
[Black "Gabrielian, Artur"]
[Result "1-0"]
[WhiteTitle "IM"]
[BlackTitle "GM"]
[WhiteElo "2462"]
[BlackElo "2419"]
[WhiteFideId "12528846"]
[BlackFideId "4131002"]
[EventDate "2025.05.20"]

1. Nf3 Nf6 2. g3 e6 3. Bg2 d5 4. O-O Be7 5. d3 O-O 6. Nbd2 c5 7. e4 Nc6 8. Re1
Qc7 9. Nf1 dxe4 10. dxe4 e5 11. c3 Be6 12. Bg5 Rfd8 13. Qe2 Ne8 14. Ne3 f6 15.
Nd5 Rxd5 16. exd5 Bxd5 17. Nxe5 Qxe5 18. Qxe5 Nxe5 19. Bxd5+ Kf8 20. Bf4 Nc7 21.
Bxb7 Rb8 22. Bxe5 fxe5 23. Be4 Rxb2 24. Reb1 Re2 25. Bd3 Rd2 26. Rd1 Rb2 27.
Rab1 Rb6 28. Rxb6 axb6 29. Rb1 Nd5 30. Bc4 Nxc3 31. Rxb6 Bf6 32. Rb3 e4 33. Rb7
Bd4 34. Kf1 h5 35. h4 g6 36. Ra7 Nd1 37. a4 Ke8 38. a5 Nxf2 39. a6 Ng4 40. Rh7
Ne3+ 41. Ke2 Nxc4 42. a7 Nb6 43. Rb7 Na8 44. Rb8+ Kf7 45. Rxa8 c4 46. Rf8+ 1-0

[Event "Titled Tue 20th May Early"]
[Site "chess.com INT"]
[Date "2025.05.20"]
[Round "10"]
[White "Liu, Casper"]
[Black "Saiz Rodriguez, Daniel Evelio"]
[Result "1-0"]
[WhiteTitle "FM"]
[BlackTitle "FM"]
[WhiteElo "2325"]
[BlackElo "2187"]
[WhiteFideId "1454153"]
[BlackFideId "3523420"]
[EventDate "2025.05.20"]

1. d4 d5 2. c4 e6 3. Nf3 Nf6 4. g3 c5 5. Bg2 cxd4 6. cxd5 exd5 7. O-O Nc6 8.
Nxd4 Be7 9. Nc3 O-O 10. Bg5 h6 11. Bf4 Be6 12. Rc1 Rc8 13. Nxe6 fxe6 14. Bh3 Kf7
15. Qb3 Qb6 16. Nb5 Na5 17. Qd3 Nc4 18. Nd4 e5 19. Be6+ Qxe6 20. Nxe6 Kxe6 21.
b3 Nb6 22. Be3 d4 23. Bd2 Rcd8 24. Rc7 e4 25. Qb5 Rd5 26. Rxe7+ Kxe7 27. Qb4+
Kf7 28. Rc1 Rd7 29. a4 Kg8 30. a5 Nbd5 31. Qxd4 Rfd8 32. Qxa7 Ne7 33. Bf4 Nc6
34. Qc5 Nd4 35. Kg2 Rd5 36. Qc4 1-0

[Event "Titled Tue 20th May Early"]
[Site "chess.com INT"]
[Date "2025.05.20"]
[Round "10"]
[White "Ndirangu, Nyaruai, Joyce"]
[Black "Chaulagain, Purusottam"]
[Result "0-1"]
[WhiteTitle "WCM"]
[BlackTitle "CM"]
[WhiteElo "1933"]
[BlackElo "1898"]
[WhiteFideId "10802886"]
[BlackFideId "12300730"]
[EventDate "2025.05.20"]

1. e4 d5 2. exd5 Qxd5 3. Nc3 Qa5 4. Bb5+ c6 5. Ba4 Nf6 6. Bb3 Bg4 7. Nf3 e6 8.
d3 Nbd7 9. O-O Qh5 10. Bd2 Ne5 11. Ne2 Nxf3+ 12. gxf3 Bxf3 13. Ng3 Qg4 14. h3
Bxd1 15. hxg4 Bxg4 16. f4 O-O-O 17. a4 Bc5+ 18. Kg2 h5 19. a5 h4 20. Nh1 h3+ 21.
Kg3 Be2 22. Rfe1 Nh5+ 23. Kh2 Bg4 24. Rg1 f5 25. Bxe6+ Kb8 26. Rae1 Bxg1+ 27.
Kxg1 Rhe8 28. Bc3 Nxf4 29. Be5+ Ka8 30. Bxf4 g6 31. Bg3 Bf3 32. Nf2 Bd5 33. Bxd5
Rxe1+ 34. Kh2 Rxd5 35. Nxh3 Re2+ 36. Nf2 Rxc2 0-1

[Event "Titled Tue 20th May Early"]
[Site "chess.com INT"]
[Date "2025.05.20"]
[Round "10"]
[White "Villalba, Marcelo"]
[Black "Murawski, Jan"]
[Result "1/2-1/2"]
[WhiteTitle "IM"]
[BlackTitle "CM"]
[WhiteElo "2233"]
[BlackElo "2191"]
[WhiteFideId "3701859"]
[BlackFideId "21009287"]
[EventDate "2025.05.20"]

1. e4 g6 2. d4 Bg7 3. Nc3 c5 4. Nf3 Qa5 5. dxc5 Bxc3+ 6. bxc3 Qxc3+ 7. Bd2 Qxc5
8. Bd3 d6 9. O-O Nf6 10. Rb1 Qc7 11. c4 Nc6 12. Bc3 Bg4 13. h3 Bxf3 14. Qxf3 Ne5
15. Qe2 Nxd3 16. Qxd3 O-O 17. g4 Rac8 18. g5 Qxc4 19. Qxc4 Rxc4 20. gxf6 Rxc3
21. fxe7 Re8 22. Rxb7 f6 23. Rd1 Kf7 24. Rxd6 Rxe7 25. Rdd7 Rxd7 26. Rxd7+ Ke6
27. Rxa7 Rxh3 28. Kg2 Rh5 29. a4 Re5 30. f3 f5 31. exf5+ Kxf5 32. Rxh7 Re2+ 33.
Kg3 Ra2 34. Ra7 Ra1 35. Ra5+ Kf6 36. Kf4 Ra2 37. Ra6+ Kg7 38. a5 Ra3 39. Ra8 Kf6
40. a6 Ra4+ 41. Ke3 Kg7 42. Kd3 Ra3+ 43. Ke4 Kh7 44. f4 Ra4+ 45. Ke5 Kg7 46.
Ra7+ Kh6 47. Ra8 Kg7 48. Ra7+ Kh6 49. Ra8 Kg7 1/2-1/2

[Event "Titled Tue 20th May Early"]
[Site "chess.com INT"]
[Date "2025.05.20"]
[Round "10"]
[White "Parfenov, Viktor N."]
[Black "Manukian, Artak"]
[Result "1/2-1/2"]
[WhiteTitle "CM"]
[WhiteElo "2193"]
[BlackElo "2104"]
[WhiteFideId "4165969"]
[BlackFideId "13301373"]
[EventDate "2025.05.20"]

1. d4 d5 2. c4 dxc4 3. e3 e5 4. Bxc4 exd4 5. exd4 Nf6 6. Nf3 Be7 7. O-O O-O 8.
Nc3 Bg4 9. h3 Bh5 10. Be3 Nc6 11. g4 Bg6 12. Ne5 Nxe5 13. dxe5 Ne4 14. f4 Nxc3
15. bxc3 Be4 16. Qb3 b6 17. Rad1 Qc8 18. Bd5 Bxd5 19. Qxd5 h5 20. Qd7 Re8 21.
Qxc8 Raxc8 22. Rd7 hxg4 23. hxg4 Kf8 24. Rfd1 Red8 25. Kg2 Ke8 26. Rxd8+ Rxd8
27. Rxd8+ Kxd8 28. Kf3 g6 29. Ke4 Kd7 30. f5 gxf5+ 31. gxf5 c6 32. c4 Bb4 33. a4
Bc3 34. Bf2 Bb2 35. Bh4 a6 36. Be1 b5 37. cxb5 axb5 38. axb5 cxb5 39. Kd5 Ba1
40. Bb4 Bb2 41. Bd6 Ba1 42. Kc5 b4 43. Kxb4 f6 44. exf6 Kxd6 45. f7 Ke7 46.
f8=Q+ Kxf8 47. Kc5 Kf7 48. Kd5 Kf6 49. Ke4 Be5 50. Kf3 Kxf5 1/2-1/2

[Event "Titled Tue 20th May Early"]
[Site "chess.com INT"]
[Date "2025.05.20"]
[Round "10"]
[White "Tulendinov, Dinmukhammed"]
[Black "Javakhadze, Zurab"]
[Result "1-0"]
[WhiteTitle "FM"]
[BlackTitle "IM"]
[WhiteElo "2124"]
[BlackElo "2412"]
[WhiteFideId "13730860"]
[BlackFideId "13603647"]
[EventDate "2025.05.20"]

1. e4 c5 2. Nc3 Nc6 3. Bb5 Nd4 4. Bc4 e6 5. Nge2 Nf6 6. O-O a6 7. a4 Nc6 8. d4
cxd4 9. Nxd4 Qc7 10. Nxc6 bxc6 11. Re1 e5 12. Be3 Bb4 13. Bg5 Be7 14. a5 O-O 15.
Be3 d6 16. Bb6 Qb7 17. h3 Be6 18. Qe2 d5 19. exd5 cxd5 20. Bb3 Bd6 21. Rad1 Rfe8
22. Nxd5 Nxd5 23. Qe4 f5 24. Bxd5 Bxd5 25. Qxd5+ Qxd5 26. Rxd5 Re6 27. c4 Rae8
28. c5 Bb8 29. b4 e4 30. Rxf5 g6 31. Rd5 Kf7 32. b5 axb5 33. a6 R8e7 34. Rd8 Ba7
35. Ra1 b4 36. Ra8 Bxb6 37. cxb6 Rxb6 38. a7 b3 39. Rb8 b2 40. Rb1 1-0

[Event "Titled Tue 20th May Early"]
[Site "chess.com INT"]
[Date "2025.05.20"]
[Round "10"]
[White "Terlouw, Wouter"]
[Black "Nakonechnyi, Oleksii"]
[Result "0-1"]
[WhiteTitle "CM"]
[WhiteElo "2227"]
[BlackElo "2224"]
[WhiteFideId "1087401"]
[BlackFideId "34173714"]
[EventDate "2025.05.20"]

1. e4 c5 2. Nf3 e6 3. c3 Nc6 4. d4 cxd4 5. cxd4 Nf6 6. Nc3 d5 7. e5 Ne4 8. Bd3
Bb4 9. Bd2 Nxd2 10. Qxd2 Qb6 11. a3 Bxc3 12. bxc3 Bd7 13. O-O Na5 14. Rab1 Qc7
15. Qg5 Kf8 16. Rfc1 h6 17. Qf4 Nc4 18. Nh4 Kg8 19. Re1 Nxa3 20. Rbc1 Qd8 21.
Re3 Qg5 22. Qxg5 hxg5 23. Nf3 f6 24. Nd2 Rc8 25. Nb3 b6 26. h3 a5 27. Nd2 Kf7
28. Ree1 a4 29. c4 dxc4 30. Nxc4 Nxc4 31. Bxc4 Rhd8 32. d5 exd5 33. Bxd5+ Be6
34. Bxe6+ Kxe6 35. exf6+ Kxf6 36. Rb1 Rd6 37. Rb4 Ra8 38. Ra1 Ke5 39. Raxa4 Rxa4
40. Rxa4 b5 41. Rb4 Rb6 42. g3 Kd5 43. Rg4 b4 44. Rxg5+ Kc4 45. Re5 b3 46. Re1
b2 47. Rb1 Kc3 48. Kg2 Kc2 49. Rxb2+ Kxb2 50. g4 Kc3 51. Kg3 Kd4 52. Kf4 Rf6+
53. Kg5 Rxf2 54. Kg6 Ke5 55. Kxg7 Kf4 56. Kh6 Rh2 0-1

[Event "Titled Tue 20th May Early"]
[Site "chess.com INT"]
[Date "2025.05.20"]
[Round "10"]
[White "Buchenau, Frank"]
[Black "Sabatier, Mathis"]
[Result "0-1"]
[WhiteTitle "FM"]
[BlackTitle "CM"]
[WhiteElo "2190"]
[BlackElo "2235"]
[WhiteFideId "4604350"]
[BlackFideId "26029685"]
[EventDate "2025.05.20"]

1. e4 e5 2. Bc4 Nf6 3. d3 Nc6 4. Nf3 Be7 5. O-O O-O 6. Re1 d6 7. a4 Na5 8. Ba2
c5 9. c3 a6 10. Nbd2 Nc6 11. Nc4 b5 12. Ne3 Bd7 13. Nd5 Nxd5 14. exd5 Na5 15. b4
Nb7 16. axb5 axb5 17. bxc5 Nxc5 18. d4 exd4 19. Nxd4 Bf6 20. Bf4 Qb6 21. Be3 Ra3
22. Bb3 Rxa1 23. Qxa1 Qb7 24. Qb2 Nd3 25. Qb1 Nxe1 26. Qxe1 Re8 27. h3 Qa8 28.
Qb1 Qa3 29. Bc2 Qxc3 30. Nxb5 Bxb5 31. Qxb5 Rc8 32. Bf5 Qa1+ 33. Kh2 Qe5+ 34. g3
Qxf5 0-1

[Event "Titled Tue 20th May Early"]
[Site "chess.com INT"]
[Date "2025.05.20"]
[Round "10"]
[White "Chekletsov, Ilya"]
[Black "Avramidou, Anastasia"]
[Result "1-0"]
[WhiteTitle "IM"]
[BlackTitle "FM"]
[WhiteElo "2338"]
[BlackElo "2294"]
[WhiteFideId "24177156"]
[BlackFideId "4239873"]
[EventDate "2025.05.20"]

1. e4 c5 2. a3 g6 3. b4 Bg7 4. Nc3 d6 5. Rb1 Nf6 6. g3 O-O 7. Bg2 Nc6 8. h3 Rb8
9. Nge2 e5 10. O-O b6 11. d3 Bb7 12. Bd2 Nd4 13. Kh2 Ne8 14. f4 f5 15. Nd5 Nc7
16. c4 Nxd5 17. cxd5 Ba6 18. Nc1 c4 19. dxc4 Bxc4 20. Rf2 fxe4 21. Bxe4 Rc8 22.
Nd3 Qe7 23. Qe1 exf4 24. Nxf4 Rce8 25. Bg2 Qxe1 26. Rxe1 Be5 27. Bc3 g5 28. Bxd4
gxf4 29. Bxe5 Rxe5 30. Rxe5 dxe5 31. gxf4 exf4 32. d6 b5 33. Bf3 Be6 34. Re2 Kf7
35. Rc2 Rd8 36. Rc7+ Kf6 37. Rc6 Ke5 38. Rc5+ Kxd6 39. Rxb5 Ke7 40. Rh5 Rd2+ 41.
Kg1 Ra2 42. Rxh7+ Kf6 43. Rxa7 Ke5 44. b5 Bc4 45. b6 Rb2 46. b7 Bd5 47. Ra5 Rb1+
48. Kf2 Rb2+ 49. Ke1 Rb1+ 50. Kd2 Rb2+ 51. Kc1 Rxb7 52. Rxd5+ Kf6 53. Rf5+ 1-0

[Event "Titled Tue 20th May Early"]
[Site "chess.com INT"]
[Date "2025.05.20"]
[Round "10"]
[White "Hari, Madhavan N B"]
[Black "Banh Gia Huy"]
[Result "0-1"]
[WhiteTitle "IM"]
[BlackTitle "IM"]
[WhiteElo "2386"]
[BlackElo "2425"]
[WhiteFideId "25054309"]
[BlackFideId "12424714"]
[EventDate "2025.05.20"]

1. d4 Nf6 2. Nf3 g6 3. c4 Bg7 4. Nc3 O-O 5. e4 d6 6. Be2 Nbd7 7. O-O e5 8. Re1
Re8 9. Bf1 a6 10. d5 a5 11. a3 Nc5 12. Rb1 Bd7 13. b4 axb4 14. axb4 Na4 15. Nxa4
Bxa4 16. Qd3 c6 17. Be3 cxd5 18. cxd5 Ng4 19. Bg5 Qb6 20. Bh4 Rec8 21. Rb2 Qc7
22. h3 Nf6 23. Nd2 Nh5 24. Nc4 Bb5 25. Rc2 Nf4 26. Qe3 Bxc4 27. Rxc4 Qxc4 28.
Bxc4 Rxc4 29. Qb6 Nd3 30. Rd1 Rxb4 31. Qxd6 Rxe4 32. Rxd3 Rxh4 33. Qe7 Rd4 34.
Rxd4 exd4 35. Qxb7 Rd8 36. Kf1 d3 37. Qb5 d2 38. Qd3 Bc3 39. d6 Re8 40. g4 Re1+
41. Kg2 d1=Q 42. Qxc3 Rg1+ 43. Kh2 Rh1+ 44. Kg3 Qg1+ 45. Kh4 Qxf2+ 46. Kg5 h6+ 0-1

[Event "Titled Tue 20th May Early"]
[Site "chess.com INT"]
[Date "2025.05.20"]
[Round "10"]
[White "Kjaergaard-Jensen, Jesper"]
[Black "Mizzi, Jack"]
[Result "0-1"]
[WhiteTitle "CM"]
[BlackTitle "CM"]
[WhiteElo "2081"]
[BlackElo "2086"]
[WhiteFideId "1406990"]
[BlackFideId "5602521"]
[EventDate "2025.05.20"]

1. d4 Nf6 2. Nf3 e6 3. c3 d5 4. Bg5 b6 5. Nbd2 Bb7 6. Ne5 Be7 7. e3 O-O 8. Bd3
c5 9. h4 Ne4 10. Bxe4 dxe4 11. Bf4 f6 12. Ng4 Bd6 13. g3 Bxf4 14. gxf4 cxd4 15.
cxd4 Nc6 16. Qb3 Qd5 17. Qxd5 exd5 18. O-O Rac8 19. f3 Nb4 20. fxe4 Rc2 21. Rf2
dxe4 22. Nb3 Rxf2 23. Nxf2 Rc8 24. Rc1 Rxc1+ 25. Nxc1 Nc2 26. Nd1 Nb4 27. Kf2
Kf7 28. Ke2 Ke6 29. Kd2 Nd5 30. Nc3 Ne7 31. N1e2 Nf5 32. h5 g6 33. hxg6 hxg6 34.
Nb5 a6 35. Nbc3 Nd6 36. Ng3 Nc4+ 37. Ke2 f5 38. b3 Nd6 39. Kd2 b5 40. Nge2 Bd5
41. Nxd5 Kxd5 42. Nc3+ Kc6 43. a3 a5 44. Ne2 a4 45. Kc3 axb3 46. Kxb3 Nc4 47.
Nc3 Nxe3 48. a4 bxa4+ 49. Nxa4 Nd5 50. Kc4 Nxf4 51. Nc5 Nd3 52. Nb3 Kd6 53. Nd2
Nf4 54. Nf1 Nd5 55. Kb3 f4 56. Kc4 Ne3+ 0-1

[Event "Titled Tue 20th May Early"]
[Site "chess.com INT"]
[Date "2025.05.20"]
[Round "10"]
[White "Garcia Garcia, Adrian Antonio"]
[Black "Carlsson, Ludvig"]
[Result "0-1"]
[WhiteTitle "CM"]
[BlackTitle "IM"]
[WhiteElo "2157"]
[BlackElo "2374"]
[WhiteFideId "2206587"]
[BlackFideId "1727010"]
[EventDate "2025.05.20"]

1. e4 e5 2. Nf3 Nf6 3. Nxe5 d6 4. Nf3 Nxe4 5. d4 d5 6. Bd3 Bd6 7. h3 O-O 8. O-O
Bf5 9. c4 c6 10. Nc3 Nxc3 11. bxc3 Bxd3 12. Qxd3 dxc4 13. Qxc4 Nd7 14. Rb1 Qc7
15. Re1 h6 16. Qb3 b6 17. Nh4 Rfe8 18. Bd2 Nf6 19. Nf5 Bf8 20. Qd1 Rxe1+ 21.
Bxe1 Re8 22. Qf3 Ne4 23. Rd1 g6 24. Ng3 Nxg3 25. fxg3 b5 26. Bd2 Qd7 27. Bf4 Qd5
28. Qxd5 cxd5 29. a4 bxa4 30. Ra1 a3 31. Kf2 Rc8 32. Bd2 Rb8 33. Ke3 a5 34. Kd3
Rb2 35. g4 a4 36. g3 a2 37. h4 h5 38. gxh5 gxh5 39. Bf4 f5 40. c4 dxc4+ 41. Kxc4
a3 42. Be5 Re2 43. Kd5 Kf7 44. Rf1 Rf2 45. Rc1 Bb4 46. Kc4 Rc2+ 47. Rxc2 a1=Q
48. Kxb4 Qb2+ 0-1

[Event "Titled Tue 20th May Early"]
[Site "chess.com INT"]
[Date "2025.05.20"]
[Round "10"]
[White "Chelly, Yahya"]
[Black "Sobek, Jaroslav"]
[Result "0-1"]
[WhiteTitle "CM"]
[BlackTitle "FM"]
[WhiteElo "2039"]
[BlackElo "2195"]
[WhiteFideId "5516200"]
[BlackFideId "301388"]
[EventDate "2025.05.20"]

1. d4 Nf6 2. c4 e5 3. dxe5 Ng4 4. Nf3 Nc6 5. Nc3 Ngxe5 6. Nxe5 Nxe5 7. e3 Bc5 8.
a3 a5 9. Ne4 Be7 10. b3 O-O 11. Bb2 d6 12. Be2 Re8 13. O-O Bf8 14. Nd2 Bf5 15.
Nf3 Ng6 16. Bc3 h6 17. Qd2 b6 18. Nd4 Be4 19. Bd3 Qe7 20. Bxe4 Qxe4 21. a4 Nh4
22. Nf3 Nxf3+ 23. gxf3 Qxf3 24. Qd5 Re4 25. h3 Rae8 26. Kh2 c6 27. Qd1 Qf5 28.
Qe2 d5 29. cxd5 Bd6+ 30. Kh1 Qxh3+ 31. Kg1 Qh2# 0-1

[Event "Titled Tue 20th May Early"]
[Site "chess.com INT"]
[Date "2025.05.20"]
[Round "10"]
[White "Srihari, L"]
[Black "Xiong, Jeffery"]
[Result "1/2-1/2"]
[WhiteTitle "IM"]
[BlackTitle "GM"]
[WhiteElo "2353"]
[BlackElo "2636"]
[WhiteFideId "46642056"]
[BlackFideId "2047640"]
[EventDate "2025.05.20"]

1. c4 e6 2. Nc3 d5 3. e3 Nf6 4. Nf3 a6 5. b3 Bd6 6. Bb2 b6 7. Qc2 Bb7 8. Be2
Nbd7 9. O-O O-O 10. d4 Ne4 11. Nxe4 dxe4 12. Nd2 f5 13. c5 bxc5 14. dxc5 Nxc5
15. Nc4 Nd3 16. Bc3 Qg5 17. g3 f4 18. Nxd6 cxd6 19. Bxd3 exd3 20. Qxd3 Qg4 21.
exf4 Rxf4 22. Rae1 Raf8 23. Re3 Bf3 24. Qxd6 Qh3 25. Qxe6+ Qxe6 26. Rxe6 R4f7
27. Rfe1 Rc7 28. Bb4 Rfc8 29. Re8+ Kf7 30. Rxc8 Rxc8 31. h3 Rc2 32. a3 Rb2 33.
g4 Rxb3 34. Kh2 Bd5 35. Re7+ Kf6 36. Re3 Rxe3 37. fxe3 1/2-1/2

[Event "Titled Tue 20th May Early"]
[Site "chess.com INT"]
[Date "2025.05.20"]
[Round "10"]
[White "Winkels, Marcel"]
[Black "Garcia Correa, Jose Ricardo"]
[Result "0-1"]
[WhiteTitle "CM"]
[BlackTitle "FM"]
[WhiteElo "1918"]
[BlackElo "2103"]
[WhiteFideId "1003887"]
[BlackFideId "5101832"]
[EventDate "2025.05.20"]

1. Nf3 Nf6 2. g3 d5 3. Bg2 c6 4. O-O Bg4 5. b3 Qd7 6. Ne5 Qc7 7. Nxg4 Nxg4 8.
Bb2 f6 9. e4 h5 10. h3 Ne5 11. exd5 cxd5 12. Bxd5 Nbd7 13. d4 Nc6 14. Nd2 O-O-O
15. Bg2 Nb6 16. Nf3 g5 17. a4 e5 18. a5 Na8 19. d5 Nxa5 20. c4 Qb6 21. Nd2 Bb4
22. Ne4 Nc7 23. Rc1 Kb8 24. c5 Qb5 25. Re1 Nxd5 26. Bf1 Qc6 27. Qc2 Rhe8 28.
Red1 Qe6 29. Bc4 h4 30. g4 Nxc4 31. Qxc4 Ba5 32. Nd6 Nf4 33. Nxe8 Rxd1+ 34. Rxd1
Qxe8 35. Kh2 Qc6 36. Rg1 Qf3 37. Qc2 Qxh3# 0-1

[Event "Titled Tue 20th May Early"]
[Site "chess.com INT"]
[Date "2025.05.20"]
[Round "10"]
[White "Arslanov, Shamil"]
[Black "Jacobsen, Mikkel Manosri"]
[Result "1-0"]
[WhiteTitle "IM"]
[BlackTitle "FM"]
[WhiteElo "2410"]
[BlackElo "2223"]
[WhiteFideId "4192826"]
[BlackFideId "1444514"]
[EventDate "2025.05.20"]

1. d4 d5 2. e4 c6 3. Nc3 dxe4 4. Bc4 Nf6 5. f3 Bf5 6. g4 Bg6 7. g5 Nd5 8. fxe4
Nxc3 9. bxc3 Bxe4 10. Nf3 e6 11. O-O Nd7 12. Qe2 Bg6 13. Nh4 Bd6 14. Nxg6 hxg6
15. Rxf7 Bxh2+ 16. Kg2 Be5 17. Rxd7 Rh2+ 18. Kg1 Qxd7 19. Qxe5 Rxc2 20. Ba3 c5
21. Bxe6 Qe7 22. Bxc5 Qf8 23. Bxf8 Kxf8 24. Rf1+ Ke8 25. Bd5+ Kd8 1-0

[Event "Titled Tue 20th May Early"]
[Site "chess.com INT"]
[Date "2025.05.20"]
[Round "10"]
[White "Lloret Ramis, Juan Jose"]
[Black "Alcazar Jimenez, Jesus Alberto"]
[Result "1-0"]
[WhiteTitle "FM"]
[BlackTitle "FM"]
[WhiteElo "2019"]
[BlackElo "2141"]
[WhiteFideId "2204053"]
[BlackFideId "2209756"]
[EventDate "2025.05.20"]

1. d4 Nf6 2. Bg5 d5 3. Bxf6 exf6 4. Nf3 Bd6 5. e3 O-O 6. c4 dxc4 7. Bxc4 Be6 8.
Bxe6 fxe6 9. Qb3 Qd7 10. Nc3 c5 11. O-O Qf7 12. Rfd1 Nc6 13. dxc5 Bxc5 14. Ne4
Bb6 15. Rac1 Rfd8 16. Nd6 Qe7 17. Nc4 Rxd1+ 18. Rxd1 Rd8 19. Rxd8+ Bxd8 20. g3
Kf7 21. Kg2 Na5 22. Nxa5 Bxa5 23. Qa4 Bb6 24. Qc4 Qc7 25. Qxc7+ Bxc7 26. Kf1 e5
27. e4 Ke6 28. Ke2 g6 29. Nd2 f5 30. Kd3 Bb6 31. f3 Bg1 32. h3 h5 33. g4 Bd4 34.
b3 fxg4 35. fxg4 Kf6 36. Nf3 Bb6 37. Kc4 Ke6 38. Nh4 hxg4 39. hxg4 Kf6 40. Kd5
Bd4 41. Nf3 Bc3 42. g5+ Kg7 43. Nxe5 Bd2 44. Nf3 Bf4 45. Ke6 b6 46. e5 Be3 47.
Kd7 1-0